| 000 | 00456nam a2200157 a 4500 | ||
|---|---|---|---|
| 005 | 20140310183203.0 | ||
| 008 | 030124s19uu xx 00 eng d | ||
| 050 |
_aPL 4780.9 _b.D754 1996 |
||
| 100 | _aDoyle, Arthur Conan | ||
| 245 |
_aThe Hound of the the baskerville / _cSir Arthur Conan Doyle. |
||
| 260 |
_aGreat Britain, _bPenguin Popular Classics, _c1996. |
||
| 300 |
_a172 p. : _c18 cm. |
||
| 650 | _aFiction | ||
| 942 |
_cBK _2lcc |
||
| 999 |
_c19911 _d19911 |
||